Arquitectura y memoria en el barrio de Cádiz / (Record no. 4286)

000 -CABECERA
fixed length control field 00912nam a22002177a 4500
003 - IDENTIFICADOR DEL NÚMERO DE CONTROL
control field AR-CdUCM
008 - DATOS DE LONGITUD FIJA--INFORMACIÓN GENERAL
fixed length control field 190308b ||||| |||| 00| 0 spa d
020 ## - NÚMERO INTERNACIONAL ESTÁNDAR DEL LIBRO
ISBN 84-88988-23-0
040 ## - FUENTE DE LA CATALOGACIÓN
Agencia/entidad que catalogó originalmente la obra MUNICIPALIDAD PROVINCIAL DEL CUSCO
Entidad que transcribió la catalogación BIBLIOTECA MUNICIPAL DEL CUSCO
082 ## - NÚMERO DE LA CLASIFICACIÓN DECIMAL DEWEY
No. de Clasificación 711.946 /
Notacion interna A76
245 ## - MENCIÓN DE TÍTULO
Título Arquitectura y memoria en el barrio de Cádiz /
260 ## - PUBLICACIÓN, DISTRIBUCIÓN, ETC.
Lugar de publicación, distribución, etc. Sevilla :
Nombre de la editorial, distribuidor, etc. Grupo de investigación "La casa y el lugar",
Fecha de publicación, distribución, etc. 1998.
300 ## - DESCRIPCIÓN FÍSICA
Nº de Páginas Extensión 128 páginas ;
Otros detalles físicos Mapas.
Dimensiones 30 cm.
505 ## - NOTA DE CONTENIDO CON FORMATO
Nota de contenido formateada Contenido: Trazas y sedimentos en el territorio y en la ciudad -- Levantamientos y planimetría -- La casa-patio en el barrio de El Pópulo -- Proyectos de Escuela. Curso 1995-96 -- Elementos de Composición ...
650 ## - PUNTO DE ACCESO ADICIONAL DE MATERIA--TÉRMINO DE MATERIA
Descriptor Arquitectura - España
9 (RLIN) 13550
650 ## - PUNTO DE ACCESO ADICIONAL DE MATERIA--TÉRMINO DE MATERIA
Descriptor Planos
9 (RLIN) 13064
650 ## - PUNTO DE ACCESO ADICIONAL DE MATERIA--TÉRMINO DE MATERIA
Descriptor Planimetría
9 (RLIN) 13551
700 ## - PUNTO DE ACCESO ADICIONAL--NOMBRE DE PERSONA
Nombre Personal Díaz Recaséns, Gonzalo (coordinador)
9 (RLIN) 13552
942 ## - ELEMENTOS DE PUNTO DE ACCESO ADICIONAL (KOHA)
Fuente de clasificación
Tipo de item Libros-BMC
945 ## - PROCESAMIENTO DE INFORMACIÓN LOCAL (OCLC)
Catalogador afb
Holdings
Estado de retiro (separado) Fuente de clasificación o esquema de estanterías Estado dañado Ubicación Sala donde se ubica Nombre de la colección Fecha de adquisición o compra Costo, precio normal en soles Signatura topográfica Código de Barras Última vez visto (Koha) Tipo de ítem (Koha)
No     Sala Artes Sala Artes Book Cart 2019-03-08 60.00 711.946 / A76 SA0000000191 2019-03-08 Libros-BMC

Powered by Koha